najpopularniejsze marki telefonów(2022) quiz dla geomex - Statystyki

Ogólne statystyki
  • Ten quiz został rozwiązany 283 razy
  • Średni wynik to 5 z 10
Statystyki odpowiedzi
Hint Odpowiedź % Poprawnych
37% samsung
99%
19% apple
79%
19% huawei
74%
8% xiaomi
72%
2% motorola
60%
5% LG
46%
2% sony
36%
1% lenovo
17%
1% vivo
16%
1% jelly
0%
Nie znaleziono quizów pasujących do podanych kryteriów
Rozkład punktacji
Procent ludzi z każdym wynikiem
Percentyl według liczby udzielonych odpowiedzi
Twoja historia wyników
Nie rozwiązałeś tego quizu